[Event "Oberliga Nord N 0506"]
[Site "Germany"]
[Date "2006.01.15"]
[Round "5.1"]
[White "Doeppner, Tilo"]
[Black "Scheerer, Christoph"]
[Result "0-1"]
[WhiteElo "2204"]
[BlackElo "2400"]
[PlyCount "68"]
[EventDate "2005.10.23"]
[EventType "team-tourn"]
[EventRounds "9"]
[EventCountry "GER"]
[SourceTitle "EXT 2007"]
[Source "ChessBase"]
[SourceDate "2006.11.23"]
[SourceVersion "1"]
[SourceVersionDate "2006.11.23"]
[SourceQuality "1"]
[WhiteTeam "Schwerin"]
[BlackTeam "Kiel Meerbauer"]
[WhiteTeamCountry "GER"]
[BlackTeamCountry "GER"]

1. d4 e6 2. e4 d5 3. exd5 exd5 4. Bd3 Nc6 5. Ne2 Bg4 6. c3 Qh4 7. Bf4 0-0-0 8. Bg3 Qh5 9. Qc2 Bd6 10. 0-0 Nge7 11. Bxd6 Rxd6 12. Ng3 Qg5 13. f3 Bd7 14. f4 Qh4 15. Nf5 Nxf5 16. Bxf5 Re8 17. Na3 Qh5 18. Bxd7+ Rxd7 19. Rae1 Rde7 20. Rxe7 Rxe7 21. Rf3 Re1+ 22. Kf2 Re4 23. Kg1 Qh4 24. g3 Qg4 25. Qf2 Qe6 26. Kf1 Ne7 27. Qd2 Nf5 28. Kf2 Nh6 29. Kf1 Ng4 30. h3 Nh2+ 31. Qxh2 Re1+ 32. Kg2 Qe2+ 33. Rf2 Qe4+ 34. Rf3 Re2+ 0-1

[Event "Mecklenburg VP LL 0405"]
[Site "Mecklenburg VP"]
[Date "2005.03.13"]
[Round "7.2"]
[White "Dambach, Rainer"]
[Black "Doeppner, Tilo"]
[Result "0-1"]
[WhiteElo "1983"]
[BlackElo "2185"]
[PlyCount "86"]
[EventDate "2004.10.24"]
[EventType "team-tourn"]
[EventRounds "9"]
[EventCountry "GER"]
[SourceTitle "EXT 2009"]
[Source "ChessBase"]
[SourceDate "2008.11.26"]
[SourceVersion "1"]
[SourceVersionDate "2008.11.26"]
[SourceQuality "1"]
[WhiteTeam "Pasewalk"]
[BlackTeam "Schwerin"]
[WhiteTeamCountry "GER"]
[BlackTeamCountry "GER"]

1. c4 Nf6 2. Nc3 g6 3. Nf3 Bg7 4. g3 0-0 5. Bg2 d5 6. cxd5 Nxd5 7. 0-0 Nb6 8. d4 Nc6 9. e3 Re8 10. Re1 e5 11. d5 Na5 12. e4 c6 13. Bg5 f6 14. Be3 Nbc4 15. b3 Nxe3 16. Rxe3 c5 17. Rc1 Bh6 18. Rd3 Bxc1 19. Qxc1 Qd6 20. Bf1 Bd7 21. Rd1 a6 22. Qh6 b5 23. Nh4 b4 24. Nb1 Qf8 25. Qe3 Kg7 26. Nd2 Qd6 27. f4 exf4 28. Qxf4 Qxf4 29. gxf4 Bb5 30. Bg2 c4 31. bxc4 Nxc4 32. Nb3 Ne3 33. Re1 Nxg2 34. Kxg2 Bc4 35. Kf2 a5 36. d6 a4 37. d7 Re7 38. Nc5 Bxa2 39. e5 fxe5 40. fxe5 Rf8+ 41. Nf3 Bd5 42. Re3 a3 43. e6 a2 0-1

[Event "Mecklenburg VP LL 0405"]
[Site "Mecklenburg VP"]
[Date "2005.01.16"]
[Round "5.2"]
[White "Wolke, Heiko"]
[Black "Doeppner, Tilo"]
[Result "0-1"]
[WhiteElo "2037"]
[BlackElo "2185"]
[PlyCount "80"]
[EventDate "2004.10.24"]
[EventType "team-tourn"]
[EventRounds "9"]
[EventCountry "GER"]
[SourceTitle "EXT 2009"]
[Source "ChessBase"]
[SourceDate "2008.11.26"]
[SourceVersion "1"]
[SourceVersionDate "2008.11.26"]
[SourceQuality "1"]
[WhiteTeam "Warnemuende SF Ostsee"]
[BlackTeam "Schwerin"]
[WhiteTeamCountry "GER"]
[BlackTeamCountry "GER"]

1. e4 e6 2. d3 d5 3. Nd2 Nf6 4. Ngf3 c5 5. g3 Nc6 6. Bg2 Be7 7. 0-0 0-0 8. Qe2 b5 9. a4 b4 10. Re1 Ba6 11. exd5 exd5 12. Ne5 Nxe5 13. Qxe5 Re8 14. Nf3 Bf8 15. Qf5 Rxe1+ 16. Nxe1 g6 17. Qf3 Bg7 18. Bg5 h6 19. Bf4 Qb6 20. Rd1 Re8 21. Be3 b3 22. c3 Qa5 23. Qf4 Nh5 24. Qd6 d4 25. cxd4 Bxd4 26. Bd2 Qb6 27. Qxb6 axb6 28. Nf3 Bg7 29. Bc3 Bxc3 30. bxc3 Re2 31. d4 Rc2 32. dxc5 b2 33. Ne1 Rc1 34. Rd8+ Kg7 35. Be4 Rxe1+ 36. Kg2 Rxe4 37. Rd1 bxc5 38. Rb1 Re2 39. Kf3 Nf6 40. c4 Bxc4 0-1

[Event "Mecklenburg VP LL 0405"]
[Site "Mecklenburg VP"]
[Date "2004.11.28"]
[Round "3.2"]
[White "Illgen, Alexander"]
[Black "Doeppner, Tilo"]
[Result "0-1"]
[WhiteElo "1882"]
[BlackElo "2185"]
[PlyCount "64"]
[EventDate "2004.10.24"]
[EventType "team-tourn"]
[EventRounds "9"]
[EventCountry "GER"]
[SourceTitle "EXT 2009"]
[Source "ChessBase"]
[SourceDate "2008.11.26"]
[SourceVersion "1"]
[SourceVersionDate "2008.11.26"]
[SourceQuality "1"]
[WhiteTeam "Ludwigslust"]
[BlackTeam "Schwerin"]
[WhiteTeamCountry "GER"]
[BlackTeamCountry "GER"]

1. d4 Nf6 2. c4 g6 3. Nc3 Bg7 4. e4 d6 5. h3 0-0 6. Be2 e5 7. d5 a5 8. Be3 Na6 9. g4 Nc5 10. Bxc5 dxc5 11. a4 Ne8 12. Qd3 f5 13. Qg3 Nd6 14. f3 Qg5 15. exf5 gxf5 16. Qf2 b6 17. h4 Qe7 18. Qe3 Ba6 19. b3 f4 20. Qd2 e4 21. 0-0-0 Qe5 22. Kc2 Rae8 23. Rh2 Bc8 24. Rb1 e3 25. Qe1 h5 26. Rg2 Kh8 27. Rc1 hxg4 28. fxg4 Ne4 29. Nd1 Nf2 30. Nxf2 Qb2+ 31. Kd1 exf2 32. Qxf2 Bd4 0-1

[Event "Oberliga Nord N 0304"]
[Site "Germany"]
[Date "2003.12.14"]
[Round "4.4"]
[White "Poeck, Ole"]
[Black "Doeppner, Tilo"]
[Result "1/2-1/2"]
[WhiteElo "2203"]
[BlackElo "2223"]
[PlyCount "82"]
[EventDate "2003.10.12"]
[EventType "team-tourn"]
[EventRounds "9"]
[EventCountry "GER"]
[SourceTitle "EXT 2005"]
[Source "ChessBase"]
[SourceDate "2004.11.15"]
[SourceVersion "1"]
[SourceVersionDate "2004.11.15"]
[SourceQuality "1"]
[WhiteTeam "Hamburger SG BUE"]
[BlackTeam "Schwerin"]
[WhiteTeamCountry "GER"]
[BlackTeamCountry "GER"]

1. e4 c6 2. Nc3 g6 3. Nf3 Bg7 4. d4 d5 5. h3 dxe4 6. Nxe4 Nd7 7. Bc4 Ngf6 8. Ng3 0-0 9. 0-0 Qc7 10. Qe2 e6 11. a4 Nd5 12. c3 b6 13. Rd1 Bb7 14. a5 Rac8 15. axb6 axb6 16. Ne4 Ra8 17. Bg5 Rxa1 18. Rxa1 Ra8 19. Rxa8+ Bxa8 20. Qd2 c5 21. dxc5 Nxc5 22. Nxc5 bxc5 23. Bh6 Bxh6 24. Qxh6 Nf6 25. Qe3 Nd5 26. Qd2 Nf4 27. Qe3 Nd5 28. Qe5 Qb6 29. Ng5 h6 30. Ne4 Qxb2 31. Bxd5 Bxd5 32. Nf6+ Kf8 33. Qd6+ Kg7 34. Ne8+ Kg8 35. Nf6+ Kg7 36. Nd7 Qb1+ 37. Kh2 Qf5 38. Qxc5 Qf4+ 39. Kg1 Qc1+ 40. Kh2 Qf4+ 41. Kg1 Qc1+ 1/2-1/2

[Event "Rostock  PSV op 02nd"]
[Site "Rostock"]
[Date "2002.08.29"]
[Round "2"]
[White "Doeppner, Tilo"]
[Black "Kolbe, Joachim"]
[Result "1/2-1/2"]
[WhiteElo "2188"]
[BlackElo "2044"]
[PlyCount "107"]
[EventDate "2002.08.25"]
[EventType "swiss"]
[EventRounds "7"]
[EventCountry "GER"]
[SourceTitle "CBM 090 Extra"]
[Source "ChessBase"]
[SourceDate "2002.11.07"]
[SourceVersion "1"]
[SourceVersionDate "2002.11.07"]
[SourceQuality "1"]

1. d4 Nf6 2. c4 e6 3. Nc3 Bb4 4. Nf3 c5 5. g3 0-0 6. Bg2 d5 7. cxd5 Nxd5 8. Bd2 cxd4 9. Nxd5 Bxd2+ 10. Nxd2 exd5 11. Nb3 Nc6 12. 0-0 Re8 13. Re1 Bg4 14. h3 Bh5 15. g4 Bg6 16. Nxd4 Qb6 17. Nxc6 bxc6 18. b3 Be4 19. Rc1 Re6 20. e3 Bxg2 21. Kxg2 Rae8 22. Qd2 Qd8 23. Rg1 Qg5 24. Kh2 Qe5+ 25. Rg3 Rg6 26. Rc2 h5 27. Qd4 Qxd4 28. exd4 Re4 29. gxh5 Rf6 30. f3 Rxd4 31. Rcg2 Rd3 32. Rxg7+ Kf8 33. Rg8+ Ke7 34. Re2+ Kd6 35. Rg3 Rfxf3 36. Rxf3 Rxf3 37. Re8 Rf6 38. Kg3 d4 39. Kg4 Rh6 40. Kg5 Rh7 41. h6 Kd5 42. Rg8 Ke4 43. Rg7 Rh8 44. Rxf7 d3 45. Rd7 Ke3 46. Kg6 Rg8+ 47. Kf7 Rg3 48. Rxa7 Rxh3 49. Kg7 d2 50. Rd7 Ke2 51. h7 Rg3+ 52. Kf7 Rf3+ 53. Kg7 Rg3+ 54. Kf7 1/2-1/2

[Event "Oberliga Nord N 0102"]
[Site "Germany"]
[Date "2002.03.17"]
[Round "7.1"]
[White "Doeppner, Tilo"]
[Black "Joecks, Christian"]
[Result "0-1"]
[WhiteElo "2195"]
[BlackElo "2395"]
[PlyCount "58"]
[EventDate "2001.10.07"]
[EventType "team-tourn"]
[EventRounds "9"]
[EventCountry "GER"]
[SourceTitle "EXT 2002"]
[Source "ChessBase"]
[SourceDate "2001.11.25"]
[SourceVersion "1"]
[SourceVersionDate "2001.11.25"]
[SourceQuality "1"]
[WhiteTeam "Schwerin"]
[BlackTeam "Hamburger SG BUE"]
[WhiteTeamCountry "GER"]
[BlackTeamCountry "GER"]

1. d4 f5 2. g3 Nf6 3. Bg2 g6 4. Nf3 Bg7 5. 0-0 0-0 6. b4 d6 7. Bb2 Qe8 8. c4 h6 9. Nbd2 c6 10. Qc2 g5 11. e4 fxe4 12. Nxe4 Nxe4 13. Qxe4 Bf5 14. Qe3 Qf7 15. Nd2 Nd7 16. b5 Rac8 17. a4 Nb6 18. Rfc1 Be6 19. a5 Nxc4 20. Nxc4 Bxc4 21. bxc6 bxc6 22. Bh3 Bd5 23. Bxc8 Rxc8 24. f4 Rb8 25. Bc3 gxf4 26. Qxf4 Qg6 27. a6 Rf8 28. Qh4 Qd3 29. Qg4 Qe3# 0-1

[Event "Oberliga Nord N 0102"]
[Site "Germany"]
[Date "2001.10.07"]
[Round "1.1"]
[White "Doeppner, Tilo"]
[Black "Stephan, Axel"]
[Result "1-0"]
[WhiteElo "2195"]
[BlackElo "2275"]
[PlyCount "61"]
[EventDate "2001.10.07"]
[EventType "team-tourn"]
[EventRounds "9"]
[EventCountry "GER"]
[SourceTitle "EXT 2002"]
[Source "ChessBase"]
[SourceDate "2001.11.25"]
[SourceVersion "1"]
[SourceVersionDate "2001.11.25"]
[SourceQuality "1"]
[WhiteTeam "Schwerin"]
[BlackTeam "Hamburg Diogenes"]
[WhiteTeamCountry "GER"]
[BlackTeamCountry "GER"]

1. d4 Nf6 2. c4 g6 3. f3 c5 4. d5 b5 5. e4 d6 6. cxb5 a6 7. Bd2 Bg7 8. Bc3 0-0 9. a4 e6 10. dxe6 Bxe6 11. Nd2 d5 12. exd5 Bxd5 13. bxa6 Re8+ 14. Kf2 Qe7 15. Bb5 Nc6 16. Nh3 Qe3+ 17. Kf1 Rad8 18. Qe1 Qh6 19. Qg3 Nh5 20. Qg5 f6 21. Qxh6 Bxh6 22. Ne4 Rb8 23. Rd1 Red8 24. Bxf6 Rd7 25. Rxd5 Rxd5 26. Bc4 Nb4 27. Bc3 Kf8 28. Bxd5 Nxd5 29. Be5 Rb3 30. Nxc5 Rb6 31. Nd7+ 1-0

[Event "Oberliga Nord N 0001"]
[Site "Germany"]
[Date "2001.??.??"]
[Round "?"]
[White "Doeppner, Tilo"]
[Black "Mach, Holger"]
[Result "1/2-1/2"]
[WhiteElo "2180"]
[BlackElo "2255"]
[PlyCount "45"]
[EventDate "2000.10.??"]
[EventType "team-tourn"]
[EventRounds "9"]
[EventCountry "GER"]
[SourceTitle "EXT 2004"]
[Source "ChessBase"]
[SourceDate "2003.11.25"]
[SourceVersion "1"]
[SourceVersionDate "2003.11.25"]
[SourceQuality "1"]

1. d4 Nf6 2. c4 g6 3. Nc3 d5 4. cxd5 Nxd5 5. e4 Nxc3 6. bxc3 Bg7 7. Nf3 c5 8. Rb1 0-0 9. Be2 Bg4 10. 0-0 Bxf3 11. Bxf3 cxd4 12. cxd4 Bxd4 13. Bh6 Re8 14. Rxb7 Nc6 15. Qa4 Qd6 16. Rb5 Be5 17. Rd5 Qf6 18. Be3 Rab8 19. Rc1 Nb4 20. Rd7 Bd6 21. Rxa7 Nd3 22. Rf1 Rec8 23. Be2 1/2-1/2

[Event "Oberliga Nord N 0001"]
[Site "Germany"]
[Date "2001.??.??"]
[Round "?"]
[White "Jaster, Robert"]
[Black "Doeppner, Tilo"]
[Result "1/2-1/2"]
[WhiteElo "2250"]
[BlackElo "2180"]
[PlyCount "27"]
[EventDate "2000.10.??"]
[EventType "team-tourn"]
[EventRounds "9"]
[EventCountry "GER"]
[SourceTitle "EXT 2004"]
[Source "ChessBase"]
[SourceDate "2003.11.25"]
[SourceVersion "1"]
[SourceVersionDate "2003.11.25"]
[SourceQuality "1"]

1. d4 Nf6 2. Nf3 g6 3. g3 d5 4. Bg2 Bg7 5. 0-0 0-0 6. c4 c6 7. cxd5 cxd5 8. Nc3 Nc6 9. h3 Ne4 10. Bf4 Nxc3 11. bxc3 Qa5 12. Qd2 Bf5 13. Nh4 Be6 14. Rab1 1/2-1/2

[Event "Oberliga Nord N 9900"]
[Site "Germany"]
[Date "2000.??.??"]
[Round "?"]
[White "Doeppner, Tilo"]
[Black "Schleicher, Guido"]
[Result "1-0"]
[WhiteElo "2190"]
[BlackElo "2210"]
[PlyCount "63"]
[EventDate "1999.10.??"]
[EventType "team-tourn"]
[EventRounds "9"]
[EventCountry "GER"]
[SourceTitle "EXT 2001"]
[Source "ChessBase"]
[SourceDate "2000.11.22"]
[SourceVersion "1"]
[SourceVersionDate "2000.11.22"]
[SourceQuality "1"]

1. d4 f5 2. g3 Nf6 3. Bg2 g6 4. Nf3 Bg7 5. 0-0 0-0 6. b4 a5 7. b5 c6 8. c4 d6 9. a4 e5 10. dxe5 Ng4 11. Ba3 Nxe5 12. Nxe5 Bxe5 13. Ra2 Be6 14. Rc2 f4 15. Nd2 Bf5 16. Rc1 fxg3 17. hxg3 Qe7 18. Nf3 Bxg3 19. Qd2 Be5 20. Nxe5 Qxe5 21. Bxd6 Rd8 22. Bd5+ Qxd5 23. cxd5 Rxd6 24. Qf4 Rxd5 25. e4 Rd4 26. Rfd1 Rxe4 27. Rd8+ Kg7 28. Qc7+ Kh6 29. Qxb7 Nd7 30. Rxd7 Rae8 31. Rxh7+ Kg5 32. f3 1-0

[Event "Oberliga Nord N 9900"]
[Site "Germany"]
[Date "2000.??.??"]
[Round "?"]
[White "Teschke, Olaf"]
[Black "Doeppner, Tilo"]
[Result "0-1"]
[WhiteElo "2174"]
[BlackElo "2190"]
[PlyCount "78"]
[EventDate "1999.10.??"]
[EventType "team-tourn"]
[EventRounds "9"]
[EventCountry "GER"]
[SourceTitle "EXT 2001"]
[Source "ChessBase"]
[SourceDate "2000.11.22"]
[SourceVersion "1"]
[SourceVersionDate "2000.11.22"]
[SourceQuality "1"]

1. e4 e6 2. d4 d5 3. Nc3 Bb4 4. Qg4 Nf6 5. Qxg7 Rg8 6. Qh6 dxe4 7. Nge2 c5 8. a3 Bxc3+ 9. bxc3 Nbd7 10. g3 b6 11. Bg2 Rg6 12. Qd2 Bb7 13. 0-0 Qc7 14. f3 exf3 15. Bxf3 Bxf3 16. Rxf3 Qc6 17. Rf1 Rc8 18. Nf4 Rg8 19. Qe1 h5 20. Be3 h4 21. Bf2 hxg3 22. Bxg3 cxd4 23. cxd4 Qe4 24. Rf2 Qxd4 25. Rd1 Qe4 26. Re2 Qxf4 27. Rxe6+ fxe6 28. Qxe6+ Kf8 29. Qxg8+ Kxg8 30. Bxf4 Rxc2 31. Bg5 Ra2 32. Rd3 Kf7 33. Rf3 Kg6 34. h4 Ne4 35. Be7 Ne5 36. Re3 Kf5 37. h5 Kf4 38. Re1 Nf3+ 39. Kh1 Ng3# 0-1

[Event "Oberliga Nord N 0001"]
[Site "Germany"]
[Date "2000.??.??"]
[Round "?"]
[White "Upleger, Martin"]
[Black "Doeppner, Tilo"]
[Result "0-1"]
[WhiteElo "2255"]
[BlackElo "2180"]
[PlyCount "66"]
[EventDate "2000.10.??"]
[EventType "team-tourn"]
[EventRounds "9"]
[EventCountry "GER"]
[SourceTitle "EXT 2004"]
[Source "ChessBase"]
[SourceDate "2003.11.25"]
[SourceVersion "1"]
[SourceVersionDate "2003.11.25"]
[SourceQuality "1"]

1. e4 e6 2. d4 d5 3. Nd2 Nf6 4. e5 Nfd7 5. Bd3 c5 6. c3 Nc6 7. Ne2 cxd4 8. cxd4 f6 9. exf6 Qxf6 10. Nf3 h6 11. 0-0 Bd6 12. a3 0-0 13. Bc2 Rd8 14. Qd3 Nf8 15. b4 Bd7 16. Bb2 Rac8 17. Rac1 Be8 18. Qe3 Bg6 19. Ne5 Bxc2 20. Rxc2 Nxd4 21. Bxd4 Rxc2 22. Nc6 Bxh2+ 23. Kxh2 Qh4+ 24. Kg1 Rxc6 25. f4 b6 26. Rf3 Qh5 27. b5 Rc2 28. f5 exf5 29. Bxg7 Re8 30. Be5 Rxe2 31. Qxe2 Ng6 32. Qc2 Rxe5 33. Rg3 Kf7 0-1

[Event "GER-chT Universities"]
[Site "Germany"]
[Date "1999.??.??"]
[Round "1"]
[White "Doeppner, Tilo"]
[Black "Neumann, Andreas"]
[Result "1/2-1/2"]
[WhiteElo "2190"]
[BlackElo "2210"]
[PlyCount "93"]
[EventDate "1999.05.??"]
[EventType "team"]
[EventRounds "6"]
[EventCountry "GER"]
[SourceTitle "EXT 2003"]
[Source "ChessBase"]
[SourceDate "2002.11.25"]
[SourceVersion "1"]
[SourceVersionDate "2002.11.25"]
[SourceQuality "1"]

1. d4 Nf6 2. c4 g6 3. Nc3 d5 4. cxd5 Nxd5 5. e4 Nxc3 6. bxc3 Bg7 7. Nf3 c5 8. Rb1 0-0 9. Be2 Bg4 10. 0-0 Bxf3 11. Bxf3 cxd4 12. cxd4 Qxd4 13. Be3 Qc4 14. Rxb7 Nc6 15. Qd5 Qa6 16. Rc7 Rac8 17. Rxc8 Rxc8 18. Rc1 Nd4 19. Rxc8+ Qxc8 20. Bg4 Qxg4 21. Qd8+ Bf8 22. Qxd4 a6 23. h3 Qc8 24. Qe5 f6 25. Qd5+ e6 26. Qd4 Be7 27. h4 Kf7 28. g3 Qb7 29. Qc4 h5 30. Kh2 Bf8 31. a4 Be7 32. Bd2 Qb6 33. Kg2 Qb7 34. Kh2 Qb6 35. Be3 Qb7 36. a5 Bb4 37. Bb6 Be7 38. Qd3 Qc8 39. Qe3 Bf8 40. e5 Bg7 41. exf6 Bxf6 42. Qf4 Kg7 43. Be3 Qd8 44. Qb4 Qc8 45. Qf4 Qd8 46. Qb4 Qc8 47. Qf4 1/2-1/2

[Event "Oberliga Nord N 9798"]
[Site "Germany"]
[Date "1998.??.??"]
[Round "?"]
[White "Doeppner, Tilo"]
[Black "Hennings, Artur"]
[Result "1-0"]
[WhiteElo "2065"]
[BlackElo "2320"]
[PlyCount "119"]
[EventDate "1997.10.??"]
[EventType "team-tourn"]
[EventRounds "9"]
[EventCountry "GER"]
[SourceTitle "EXT 1999"]
[Source "ChessBase"]
[SourceDate "1998.11.16"]
[SourceVersion "1"]
[SourceVersionDate "1998.11.16"]
[SourceQuality "1"]

1. c4 e5 2. Nc3 d6 3. g3 g6 4. Bg2 Bg7 5. d3 Ne7 6. Nf3 0-0 7. 0-0 Nbc6 8. Rb1 a5 9. a3 Bg4 10. Nd2 Qd7 11. b4 axb4 12. axb4 Bh3 13. b5 Bxg2 14. Kxg2 Nd4 15. e3 Ne6 16. Nf3 c5 17. Bb2 f5 18. Qb3 b6 19. Nd5 Nxd5 20. cxd5 Nc7 21. Ng5 Rfe8 22. Bc3 h6 23. Nf3 Rf8 24. Nd2 Qf7 25. e4 fxe4 26. dxe4 g5 27. f3 Qg6 28. g4 h5 29. h3 Ne8 30. Nc4 Nf6 31. Rbe1 hxg4 32. hxg4 Nd7 33. Rh1 Kf7 34. Rh5 Rh8 35. Reh1 Rxh5 36. Rxh5 Ke7 37. Bd2 Bf6 38. Ne3 Kd8 39. Nf5 Kc7 40. Rh6 Qg8 41. Kg3 Ra7 42. Rh5 Qa8 43. Bxg5 Bxg5 44. Rxg5 Ra1 45. Qe3 Qa4 46. Ng7 Ra3 47. Qe2 Ra2 48. Qf1 Qc2 49. Ne6+ Kb7 50. Qg1 c4 51. Rg7 Kc8 52. Rg8+ Kb7 53. Nd8+ Kc7 54. Ne6+ Kb7 55. Rg7 Kc8 56. g5 c3 57. g6 Qd2 58. Rh7 c2 59. g7 Nf6 60. g8Q+ 1-0

[Event "Oberliga Nord N 9798"]
[Site "Germany"]
[Date "1998.??.??"]
[Round "?"]
[White "Stockfleth, Ron"]
[Black "Doeppner, Tilo"]
[Result "0-1"]
[WhiteElo "2220"]
[BlackElo "2065"]
[PlyCount "50"]
[EventDate "1997.10.??"]
[EventType "team-tourn"]
[EventRounds "9"]
[EventCountry "GER"]
[SourceTitle "EXT 1999"]
[Source "ChessBase"]
[SourceDate "1998.11.16"]
[SourceVersion "1"]
[SourceVersionDate "1998.11.16"]
[SourceQuality "1"]

1. e4 e6 2. d4 d5 3. Nd2 Nf6 4. e5 Nfd7 5. c3 c5 6. Bd3 Nc6 7. Ne2 cxd4 8. cxd4 f6 9. exf6 Qxf6 10. Nf3 h6 11. 0-0 Bd6 12. Nc3 0-0 13. Bc2 Rd8 14. a3 Nf8 15. Re1 Bd7 16. b4 Be8 17. b5 Na5 18. Ne5 Rac8 19. Qd3 Qh4 20. g3 Qh3 21. Bd1 Bxe5 22. dxe5 Rc4 23. a4 Rh4 24. Qf3 Qxh2+ 25. Kf1 Qh1+ 0-1

[Event "Mecklenburg VP-ch MT"]
[Site "Nakenstorf"]
[Date "1997.03.28"]
[Round "5.6"]
[White "Doeppner, Tilo"]
[Black "Wagner, Ralph"]
[Result "1-0"]
[WhiteElo "2148"]
[BlackElo "2096"]
[PlyCount "57"]
[EventDate "1997.03.26"]
[EventType "swiss"]
[EventRounds "9"]
[EventCountry "GER"]
[SourceTitle "EXT 2022"]
[Source "ChessBase"]
[SourceDate "2021.10.06"]
[SourceVersion "1"]
[SourceVersionDate "2021.10.06"]
[SourceQuality "1"]

1. d4 f5 2. g3 Nf6 3. Bg2 d5 4. Nf3 e6 5. c4 c6 6. Qc2 Be7 7. 0-0 0-0 8. b3 Ne4 9. Ba3 Bxa3 10. Nxa3 Qe7 11. Qb2 Bd7 12. Nc2 Be8 13. Nce1 Bh5 14. Ne5 Nd7 15. N1d3 Nxe5 16. Nxe5 g5 17. b4 Nd6 18. b5 dxc4 19. bxc6 b5 20. a4 a6 21. Nd7 Rfe8 22. d5 Kf7 23. axb5 axb5 24. Rxa8 Rxa8 25. Qe5 Re8 26. dxe6+ Kg6 27. Rd1 Nc8 28. Rd5 Qxe6 29. Nf8+ 1-0

[Event "Mecklenburg VP-ch MT"]
[Site "Nakenstorf"]
[Date "1997.03.26"]
[Round "1.9"]
[White "Doeppner, Tilo"]
[Black "Geist, Peter"]
[Result "1-0"]
[WhiteElo "2148"]
[BlackElo "1947"]
[PlyCount "89"]
[EventDate "1997.03.26"]
[EventType "swiss"]
[EventRounds "9"]
[EventCountry "GER"]
[SourceTitle "EXT 2022"]
[Source "ChessBase"]
[SourceDate "2021.10.06"]
[SourceVersion "1"]
[SourceVersionDate "2021.10.06"]
[SourceQuality "1"]

1. d4 Nf6 2. c4 e6 3. Nc3 d5 4. Bg5 Nbd7 5. cxd5 exd5 6. e3 c6 7. Bd3 Be7 8. Nge2 0-0 9. Qc2 Re8 10. 0-0 Nf8 11. Bxf6 Bxf6 12. b4 Be6 13. b5 cxb5 14. Bxb5 Re7 15. Nf4 Rc7 16. Qb3 Ng6 17. Nxe6 fxe6 18. Bd3 Qe8 19. Nb5 Rc6 20. a4 a6 21. Nc3 Rac8 22. Ne2 Nf8 23. Rab1 R8c7 24. Rfc1 Rxc1+ 25. Nxc1 Qc6 26. Ne2 Qd7 27. g3 Qc8 28. Kg2 h6 29. h4 Qe8 30. Nf4 Qf7 31. h5 Bg5 32. Ng6 Nh7 33. Bxa6 Bd8 34. Bxb7 Ng5 35. Nf4 Qf5 36. Qd3 Qg4 37. Qe2 Qf5 38. Qd3 Qg4 39. Qe2 Qf5 40. Rb2 Rc4 41. g4 Qf7 42. a5 Bxa5 43. Bxd5 exd5 44. Rb8+ Kh7 45. Ng6 1-0